Precalculus / Understanding Functions / (Record no. 1537)

MARC details
000 -LEADER
fixed length control field 00528nam a22002177a 4500
001 - CONTROL NUMBER
control field NCSLIB00001327
003 - CONTROL NUMBER IDENTIFIER
control field OSt
005 - DATE AND TIME OF LATEST TRANSACTION
control field 20210902090344.0
007 - PHYSICAL DESCRIPTION FIXED FIELD--GENERAL INFORMATION
fixed length control field NCSLIB00001327
008 - FIXED-LENGTH DATA ELEMENTS--GENERAL INFORMATION
fixed length control field 210902b |||||||| |||| 00| 0 eng d
010 ## - LIBRARY OF CONGRESS CONTROL NUMBER
LC control number NCSLIB00001327
020 ## - INTERNATIONAL STANDARD BOOK NUMBER
International Standard Book Number 053439664
040 ## - CATALOGING SOURCE
Transcribing agency HU
082 ## - DEWEY DECIMAL CLASSIFICATION NUMBER
Edition number 2nd
Classification number 515/GOO/2004
100 ## - MAIN ENTRY--PERSONAL NAME
Personal name Goodman
9 (RLIN) 1259
245 ## - TITLE STATEMENT
Title Precalculus / Understanding Functions /
250 ## - EDITION STATEMENT
Edition statement 2nd
260 ## - PUBLICATION, DISTRIBUTION, ETC.
Place of publication, distribution, etc. Australia
Name of publisher, distributor, etc. Thomson /Brooks/ Cole/
Date of publication, distribution, etc. 2004
300 ## - PHYSICAL DESCRIPTION
Extent 912p
942 ## - ADDED ENTRY ELEMENTS (KOHA)
Source of classification or shelving scheme Dewey Decimal Classification
Koha item type Books like text book referance book
Suppress in OPAC No
Holdings
Withdrawn status Lost status Source of classification or shelving scheme Damaged status Not for loan Home library Current library Shelving location Date acquired Total Checkouts Full call number Barcode Date last seen Copy number Price effective from Koha item type
    Dewey Decimal Classification     Natural & Computational Science Library Natural & Computational Science Library General Stacks 09/02/2021   515/GOO/2004 NSCLIB000001329 09/02/2021 1 09/02/2021 Books like text book referance book